Текст томруулах:    
7 secrets of great entrepreneurial masters (Бичлэгийн дугаар. 146121)
000 -УДИРДЛАГА
Удирдлага 01209nam a22003617a 4500
003 - ХЯНАЛТЫН ТОО ТОДОРХОЙЛОГЧ
Код MN-UlNUM
005 - БИЧИЛТ ХИЙСЭН ОГНОО
Тухайн бичилтийг бичсэн засварласан сүүлийн огноо 20260107193239.0
008 - ЕРӨНХИЙ МЭДЭЭЛЭЛ
Ерөнхий мэдээлэл 260107s2006 nyu 001 0 eng
020 ## - ISBN
ISBN 0071470719
-- 9780071470711
040 ## - БИЧЛЭГ ҮҮСГЭГЧ БАЙГУУЛЛАГА
Бичлэг үүсгэгч номын сангийн код МУИС-ийн номын сан
084 ## - ББК АНГИЛАЛ
Нэмэлт тусгалт Гарын авлага
ББК ангилал 65.290-2
Зохиогчийн гурван тэмдэгт F 58
Мэдлэгийн ялгаа 65 - Эдийн засаг
100 1# - ЗОХИОГЧ
Зохиогчийн нэр Fishman, Allen E.
245 10 - ҮНДСЭН ГАРЧИГ
Номын нэр 7 secrets of great entrepreneurial masters
Бага гарчгийн мэдээ The GEM power formula for lifelong success
Оролцогчдын тухай мэдээ Allen E. Fishman
246 3# - ЗЭРЭГЦЭЭ ГАРЧИГ
Зэрэгцээ гарчиг Seven secrets of great entrepreneurial masters
260 ## - ГАРАЛТЫН МЭДЭЭ
Хэвлэгдсэн газар New York
Хэвлэлийн газар McGraw-Hill
Хэвлэгдсэн он 2006
300 ## - МАТЕРИАЛЫН ТОДОРХОЙЛОЛТ
хуудасны тоо xxix, 231 p.
Хэмжээ 24 cm.
500 ## - Тайлбар
Дансны дугаар БС 6090
546 ## - ХЭЛНИЙ ТУХАЙ МЭДЭЭ
Хэл Англи хэл дээр,
653 ## - Түлхүүр үг
Түлхүүр үг vocational guidance
653 ## - Түлхүүр үг
Түлхүүр үг quality of work life
653 ## - Түлхүүр үг
Түлхүүр үг life skills
653 ## - Түлхүүр үг
Түлхүүр үг success
740 ## - НОМЫН ГАРЧИГ
Гарчиг The Secret of Personal Vision
740 ## - НОМЫН ГАРЧИГ
Гарчиг The Secret of a Look in the Mirror
740 ## - НОМЫН ГАРЧИГ
Гарчиг The Secret of the Personal Plan
740 ## - НОМЫН ГАРЧИГ
Гарчиг The Secret of Results Driven Communication to Make it Happen
740 ## - НОМЫН ГАРЧИГ
Гарчиг The Secret of Negotiating to Make It Happen
740 ## - НОМЫН ГАРЧИГ
Гарчиг The Secret of Creativity to Make It Happen
740 ## - НОМЫН ГАРЧИГ
Гарчиг The Secret of Changing Course
942 ## - ЭЛЕМЕНТИЙН ТӨРӨЛ
Зүйлийн төрөл Ном